[Event "Open Stare Mesto"]
[Site "?"]
[Date "2003.08.10"]
[Round "4"]
[White "Kocur, W."]
[Black "Bazant, P. jr"]
[Result "0-1"]
[WhiteElo "2120"]
[BlackElo "2355"]
[PlyCount "94"]
[EventDate "2003.08.08"]
[SourceDate "2003.08.08"]

1. c4 e6 2. Nc3 d5 3. cxd5 exd5 4. d4 c6 5. Nf3 Bd6 6. Bg5 Ne7 7. e3 Bf5 8. Qb3
Qb6 9. Qxb6 axb6 10. Be2 f6 11. Bh4 b5 12. Nd2 b4 13. Nd1 Nd7 14. Bg3 Nc8 15.
Bxd6 Nxd6 16. O-O Kf7 17. g4 Bc2 18. b3 Ra5 19. Nb2 Rha8 20. Rfc1 Bg6 21. a4
bxa3 22. Na4 Ke7 23. f4 Ne4 24. Nxe4 Bxe4 25. Ra2 Kd6 26. Nc3 b5 27. b4 R5a6
28. Kf2 Nb6 29. h4 f5 30. g5 Nc4 31. Rd1 Nb2 32. Rd2 Kc7 33. h5 Kb6 34. Bf1
R6a7 35. Be2 Re8 36. Ra1 Kb7 37. Ra2 Rea8 38. Bf1 Na4 39. Nd1 Nb6 40. Nc3 Nc8
41. Rd1 Nd6 42. Rc1 Ne8 43. Be2 Nc7 44. Rd2 a2 45. Ra1 Ra3 46. Nxe4 dxe4 47.
Bd1 Nd5 0-1

[Event "Open Stare Mesto"]
[Site "?"]
[Date "2003.08.10"]
[Round "4"]
[White "Bazant, P. sr"]
[Black "Staufik, R."]
[Result "1/2-1/2"]
[WhiteElo "2333"]
[BlackElo "2119"]
[PlyCount "38"]
[EventDate "2003.08.08"]
[SourceDate "2003.08.08"]

1. d4 d5 2. c4 dxc4 3. Nf3 Nf6 4. Nc3 e6 5. e3 a6 6. a4 c5 7. Bxc4 Nc6 8. O-O
Qc7 9. Qe2 Be7 10. Rd1 O-O 11. h3 b6 12. b3 Bb7 13. Bb2 Na5 14. Rac1 Nxc4 15.
bxc4 Rfd8 16. Ne5 Bd6 17. f4 Ne4 18. Nxe4 Bxe4 19. dxc5 Bxc5 1/2-1/2

[Event "Open Stare Mesto"]
[Site "?"]
[Date "2003.08.10"]
[Round "4"]
[White "Jasny, S."]
[Black "Hudacek, J."]
[Result "1/2-1/2"]
[WhiteElo "2319"]
[BlackElo "2072"]
[PlyCount "129"]
[EventDate "2003.08.08"]
[SourceDate "2003.08.08"]

1. e4 d6 2. d4 Nf6 3. Nc3 c6 4. Nf3 Bg4 5. Be2 Nbd7 6. O-O e5 7. Be3 Be7 8. Qd2
O-O 9. h3 Bh5 10. a4 Bg6 11. Bd3 Ne8 12. a5 Qc7 13. Rfe1 h6 14. Rab1 Qxa5 15.
Nd5 Qd8 16. Nxe7+ Qxe7 17. Qb4 b6 18. dxe5 Nxe5 19. Nxe5 Qxe5 20. f4 Qe7 21. f5
Bh7 22. Bf4 c5 23. Qd2 Nf6 24. g4 Nd7 25. Qh2 Ne5 26. Bxe5 Qxe5 27. Qxe5 dxe5
28. Bc4 Rfd8 29. Bd5 Rab8 30. b4 cxb4 31. Rxb4 Rbc8 32. c4 Kf8 33. Ra1 Rc7 34.
Rb5 Bg8 35. f6 gxf6 36. c5 bxc5 37. Rba5 c4 38. Rxa7 Rxa7 39. Rxa7 Rc8 40. Ra2
c3 41. Rc2 Bh7 42. Kf2 Rc5 43. Ba8 h5 44. Kg3 hxg4 45. hxg4 Ke7 46. Kf3 Kd6 47.
Ke3 Kc7 48. Rc1 Kb6 49. Ke2 Kb5 50. Kd3 Kb4 51. Rb1+ Ka3 52. Kc2 Rc4 53. Rb3+
Ka4 54. Rxc3 Bxe4+ 55. Bxe4 Rxe4 56. Rf3 Rxg4 57. Rxf6 Rf4 58. Rxf4+ exf4 59.
Kd3 Kb5 60. Ke4 f3 61. Kxf3 Kc5 62. Ke4 Kd6 63. Kf5 Ke7 64. Ke5 f6+ 65. Kf5
1/2-1/2

[Event "Open Stare Mesto"]
[Site "?"]
[Date "2003.08.10"]
[Round "4"]
[White "Kapusta, P."]
[Black "Vrana, F."]
[Result "0-1"]
[WhiteElo "2070"]
[BlackElo "2300"]
[PlyCount "134"]
[EventDate "2003.08.08"]
[SourceDate "2003.08.08"]

1. e4 c6 2. d4 d5 3. Nc3 g6 4. Bf4 Bg7 5. e5 f6 6. Bd3 Nh6 7. Qe2 O-O 8. e6 f5
9. Nf3 Na6 10. h3 Rf6 11. Ng5 Nc7 12. Be5 Rf8 13. Bxg7 Kxg7 14. O-O-O Qd6 15.
h4 Bxe6 16. Rde1 Rf6 17. h5 Qf4+ 18. Qe3 Qxe3+ 19. Rxe3 f4 20. Re2 Rd8 21. hxg6
hxg6 22. f3 Rd6 23. Kd2 b6 24. b4 Rd7 25. Rhe1 Rd6 26. Rh1 Nf7 27. Nh7 Rf5 28.
Bxf5 gxf5 29. g3 fxg3 30. Rg2 f4 31. Ne2 Bf5 32. Nxf4 Rh6 33. Rxh6 Kxh6 34. Nf8
Kg7 35. N8g6 Bxg6 36. Rxg3 Nh8 37. a4 Kf6 38. c3 Bf7 39. Ke3 Ng6 40. Nd3 Ne8
41. Rg1 Nd6 42. f4 Nc4+ 43. Kf3 Nd2+ 44. Ke3 Nc4+ 45. Kf3 Nh4+ 46. Kg4 Nf5 47.
Ne5 Nfe3+ 48. Kf3 Bh5+ 49. Kf2 Nd1+ 50. Ke1 Nxc3 51. Nxc6 a5 52. bxa5 bxa5 53.
Rg8 Nxa4 54. Nxa5 Nxa5 55. Ra8 Nc4 56. Rxa4 Kf5 57. Ra7 e6 58. Re7 Bg4 59. Rf7+
Ke4 60. Kf2 Kxd4 61. Kg3 Bf5 62. Ra7 Ke3 63. Ra4 Nb2 64. Rb4 Nd3 65. Ra4 d4 66.
Ra5 Nxf4 67. Re5+ Be4 0-1

[Event "OPEN Strare Mesto"]
[Site "?"]
[Date "2003.08.11"]
[Round "5"]
[White "Johansson, J.."]
[Black "Sosna, J.."]
[Result "0-1"]
[WhiteElo "2396"]
[BlackElo "2428"]
[PlyCount "100"]
[EventDate "2003.08.11"]
[SourceDate "2003.08.08"]

1. d4 d5 2. c4 e6 3. Nf3 c6 4. e3 Nf6 5. Bd3 Nbd7 6. O-O Bd6 7. Nbd2 O-O 8. e4
dxe4 9. Nxe4 Nxe4 10. Bxe4 h6 11. Bc2 e5 12. c5 Bc7 13. Qd3 f5 14. Qb3+ Kh8 15.
dxe5 Nxe5 16. Bf4 Be6 17. Qc3 Nxf3+ 18. Qxf3 Bd5 19. Bxc7 Qxc7 20. Qc3 Qf7 21.
Rfe1 Rae8 22. a3 Qg6 23. f3 Qf7 24. b4 a6 25. Rad1 Kg8 26. a4 g6 27. Qd2 Kg7
28. b5 axb5 29. axb5 Rxe1+ 30. Qxe1 Re8 31. Qb4 Qe7 32. Qd4+ Qf6 33. bxc6 Qxd4+
34. Rxd4 bxc6 35. Rb4 Re3 36. h4 Rc3 37. Bb1 Kf6 38. Kf2 Rxc5 39. Rb8 Rb5 40.
Rxb5 cxb5 41. Ke3 Ke5 42. f4+ Ke6 43. g3 h5 44. Kd4 b4 45. Bd3 Kd6 46. Bb5 b3
47. Kc3 Bf7 48. Ba4 Kc5 49. Bd7 Kd5 50. Kxb3 Kd6+ 0-1

[Event "OPEN Strare Mesto"]
[Site "?"]
[Date "2003.08.11"]
[Round "5"]
[White "Mudrak, J.."]
[Black "Grabarczyk, M.."]
[Result "0-1"]
[WhiteElo "2379"]
[BlackElo "2508"]
[PlyCount "120"]
[EventDate "2003.08.11"]
[SourceDate "2003.08.08"]

1. d4 d5 2. Nf3 Nf6 3. g3 g6 4. Bg2 Bg7 5. O-O O-O 6. c4 c6 7. Nc3 dxc4 8. Ne5
Ng4 9. f4 Nxe5 10. fxe5 c5 11. d5 Bxe5 12. Qa4 Qb6 13. Qxc4 Qb4 14. Qxb4 cxb4
15. Nd1 Nd7 16. Bd2 Bd6 17. Rc1 Ne5 18. b3 Bd7 19. Nf2 f5 20. Bf4 Rac8 21. Rfd1
a5 22. Bf1 b5 23. Be3 a4 24. Bd4 g5 25. Bh3 Kf7 26. Kf1 Ra8 27. Bg2 axb3 28.
axb3 Ra3 29. Nd3 Nxd3 30. Rxd3 Kg6 31. Kg1 Ra2 32. Bf1 Rc8 33. Rxc8 Bxc8 34. h3
Bb7 35. Bb6 Rc2 36. Kf2 h5 37. Bg2 Bc8 38. Be3 h4 39. gxh4 gxh4 40. Bd2 Rb2 41.
e3 Kf6 42. Ke2 Bd7 43. Kd1 Rb1+ 44. Ke2 Be8 45. Bf3 Bg6 46. Be1 Kg5 47. Bd2 Rb2
48. Kd1 f4 49. Kc1 Ra2 50. Rd4 Kf6 51. Be1 Ra1+ 52. Kd2 fxe3+ 53. Ke2 Ra2+ 54.
Kf1 Bg3 55. d6 exd6 56. Bxg3 hxg3 57. Rxd6+ Kg5 58. Bg2 Rf2+ 59. Kg1 e2 60. Re6
Bd3 0-1

[Event "OPEN Strare Mesto"]
[Site "?"]
[Date "2003.08.11"]
[Round "5"]
[White "Civin, T.."]
[Black "Stehlik, J.."]
[Result "1-0"]
[WhiteElo "2383"]
[BlackElo "2089"]
[PlyCount "63"]
[EventDate "2003.08.11"]
[SourceDate "2003.08.08"]

1. d4 d5 2. c4 dxc4 3. Nf3 Nf6 4. e3 e6 5. Bxc4 c5 6. O-O a6 7. a4 Nc6 8. Qe2
Qc7 9. Nc3 Be7 10. Rd1 O-O 11. h3 b6 12. d5 exd5 13. Nxd5 Nxd5 14. Bxd5 Bb7 15.
e4 Bf6 16. Be3 Rfe8 17. Rac1 Rac8 18. Nh2 Nb4 19. Ng4 Nxd5 20. exd5 Be7 21. Qf3
Bd6 22. Rc4 Re7 23. Nh6+ Kh8 24. Nf5 Ree8 25. Rh4 Be7 26. Nxe7 Qxe7 27. Qh5 h6
28. d6 Qd7 29. Bxh6 g6 30. Qg5 Re6 31. Bf8+ Kg8 32. Rh8+ 1-0

[Event "OPEN Strare Mesto"]
[Site "?"]
[Date "2003.08.11"]
[Round "5"]
[White "Kireev, A.."]
[Black "Dobrev, N."]
[Result "0-1"]
[WhiteElo "2276"]
[BlackElo "2382"]
[PlyCount "58"]
[EventDate "2003.08.11"]
[SourceDate "2003.08.08"]

1. d4 Nf6 2. Nf3 e6 3. Bg5 c5 4. c3 cxd4 5. cxd4 Nc6 6. Nc3 Qb6 7. Qd2 Be7 8.
e3 d5 9. Bd3 h6 10. Bh4 O-O 11. O-O Bd7 12. Ne5 Nxe5 13. dxe5 Ne4 14. Bxe4 Bxh4
15. Bc2 Rac8 16. Rac1 Be7 17. Bb1 Rc7 18. Rc2 Rfc8 19. Rfc1 Qa5 20. Qd3 g6 21.
g3 Rc4 22. h4 h5 23. Kh2 Qc7 24. f4 Qa5 25. Kg2 b5 26. b3 R4c7 27. Kf2 Ba3 28.
b4 Qxb4 29. f5 gxf5 0-1

[Event "OPEN Strare Mesto"]
[Site "?"]
[Date "2003.08.11"]
[Round "5"]
[White "Bazant, P jr."]
[Black "Kantorik, M."]
[Result "0-1"]
[WhiteElo "2355"]
[BlackElo "2272"]
[PlyCount "92"]
[EventDate "2003.08.11"]
[SourceDate "2003.08.08"]

1. e4 Nf6 2. e5 Nd5 3. d4 d6 4. Nf3 Bg4 5. Be2 e6 6. h3 Bh5 7. O-O Be7 8. c4
Nb6 9. Nc3 O-O 10. Be3 d5 11. c5 Bxf3 12. Bxf3 Nc4 13. b3 Nxe3 14. fxe3 Nc6 15.
Rb1 a5 16. Qe2 b6 17. Na4 Rb8 18. Qb5 Qd7 19. Be2 bxc5 20. Nxc5 Qe8 21. Nb7
Nxd4 22. exd4 Qxb5 23. Bxb5 Rxb7 24. Bc6 Rb4 25. Rbd1 Rfb8 26. Kf2 R8b6 27. Ba4
c5 28. dxc5 Bxc5+ 29. Kf3 Re4 30. Rc1 Bf8 31. Rc8 Rxe5 32. Rfc1 g5 33. Ra8 Kg7
34. Rxa5 Rb4 35. g3 Rbe4 36. Bb5 Bb4 37. Ra4 Re3+ 38. Kg2 Be1 39. g4 Rg3+ 40.
Kh2 Rf3 41. Kg2 Rf2+ 42. Kg1 Rd2 43. Bf1 Re3 44. b4 Rg3+ 45. Kh1 Bf2 46. Kh2
Rg1 0-1

[Event "OPEN Strare Mesto"]
[Site "?"]
[Date "2003.08.11"]
[Round "5"]
[White "Vrana, F.."]
[Black "Sitnik, I.."]
[Result "1-0"]
[WhiteElo "2300"]
[BlackElo "2258"]
[PlyCount "67"]
[EventDate "2003.08.11"]
[SourceDate "2003.08.08"]

1. Nf3 d5 2. g3 Nf6 3. Bg2 e6 4. O-O Be7 5. d3 O-O 6. Nbd2 b6 7. e4 dxe4 8.
dxe4 Bb7 9. e5 Ne8 10. b3 c5 11. Bb2 Qc7 12. Qe2 a5 13. a4 Nc6 14. Ne4 Rd8 15.
Rad1 Qb8 16. Rxd8 Bxd8 17. Rd1 Bc7 18. Neg5 h6 19. Qe4 g6 20. Qh4 Kg7 21. Rd7
Nd8 22. Ne4 Bc6 23. Nf6 Rh8 24. Rd3 b5 25. Nd7 Qa7 26. axb5 Bxb5 27. c4 Bc6 28.
Ba3 Bxd7 29. Rxd7 Qb6 30. Nd2 Nc6 31. Bxc6 Qxc6 32. Qe7 h5 33. Qxf7+ Kh6 34.
Nf3 1-0

[Event "OPEN Strare Mesto"]
[Site "?"]
[Date "2003.08.11"]
[Round "5"]
[White "Volodin, V.."]
[Black "Rubal, A.."]
[Result "0-1"]
[WhiteElo "2283"]
[BlackElo "2229"]
[PlyCount "86"]
[EventDate "2003.08.11"]
[SourceDate "2003.08.08"]

1. Nf3 Nf6 2. c4 e6 3. g3 d5 4. d4 c5 5. cxd5 exd5 6. Bg2 Nc6 7. O-O Be7 8. Nc3
O-O 9. b3 Be6 10. Bb2 Rc8 11. Rc1 cxd4 12. Nxd4 Qd7 13. Nxe6 fxe6 14. e3 Kh8
15. Qd3 Rcd8 16. Na4 Ng4 17. Nc5 Bxc5 18. Rxc5 Qe8 19. Qe2 Qg6 20. f4 Nf6 21.
Qc2 Qf7 22. Rd1 Rc8 23. a3 a5 24. Qb1 Rc7 25. Rdc1 Rfc8 26. b4 axb4 27. axb4
Ng4 28. Bh3 Nxe3 29. Re1 Nf5 30. Bxf5 exf5 31. b5 Ne7 32. Rxc7 Rxc7 33. Be5 Rd7
34. Qa1 h6 35. Bd4 Kh7 36. Qa2 Ng8 37. Re2 Re7 38. Rc2 Re1+ 39. Kf2 Qe7 40. Be5
Qb4 41. Qa7 Rd1 42. Ke2 Qe1+ 43. Kf3 Rd3+ 0-1

[Event "OPEN Strare Mesto"]
[Site "?"]
[Date "2003.08.11"]
[Round "5"]
[White "Kludacz, M.."]
[Black "Vesselovsky, S.."]
[Result "0-1"]
[WhiteElo "2209"]
[BlackElo "2444"]
[PlyCount "112"]
[EventDate "2003.08.11"]
[SourceDate "2003.08.08"]

1. d4 g6 2. c4 Bg7 3. Nc3 c5 4. d5 d6 5. e4 Nf6 6. f3 O-O 7. Bg5 a6 8. a4 h6 9.
Be3 e6 10. Qd2 exd5 11. cxd5 Re8 12. Nge2 Nbd7 13. Nc1 h5 14. Be2 Nh7 15. O-O
f5 16. Nd3 Ndf6 17. Nf2 fxe4 18. Nfxe4 Nxe4 19. Nxe4 Nf6 20. Bd3 Nxe4 21. Bxe4
Qf6 22. Rae1 Bf5 23. b4 c4 24. a5 Rac8 25. Qc2 c3 26. Bxf5 Qxf5 27. Qxf5 gxf5
28. Bf4 Bd4+ 29. Kh1 Rxe1 30. Rxe1 c2 31. g3 Kf7 32. Bc1 Bc3 33. Re6 Bxb4 34.
Kg2 Rc3 35. Rh6 Ba3 36. Bxa3 Rxa3 37. Rh7+ Kf6 38. Rc7 Rxa5 39. Rxc2 Rxd5 40.
Rc7 Rb5 41. Rh7 a5 42. Rh6+ Kg7 43. Rxd6 a4 44. Rd3 Kf6 45. f4 Ra5 46. Rd6+ Ke7
47. Rb6 Ra7 48. Kf3 a3 49. Rb1 b5 50. Ke3 b4 51. Kd3 b3 52. Kc3 b2 53. Kb3 Ke6
54. Ka2 Kd5 55. Re1 Kd4 56. Rd1+ Kc3 0-1

[Event "OPEN Strare Mesto"]
[Site "?"]
[Date "2003.08.11"]
[Round "5"]
[White "Gruca, M.."]
[Black "Grabarczyk, B.."]
[Result "1/2-1/2"]
[WhiteElo "2180"]
[BlackElo "2444"]
[PlyCount "106"]
[EventDate "2003.08.11"]
[SourceDate "2003.08.08"]

1. e4 c5 2. Nf3 b6 3. d4 cxd4 4. Nxd4 Bb7 5. Nc3 a6 6. Be3 d6 7. Qd2 Nd7 8. f3
Ngf6 9. g4 b5 10. g5 Nh5 11. O-O-O g6 12. Kb1 Bg7 13. Bh3 Ne5 14. Qf2 Bc8 15.
Bg2 Bd7 16. h3 Nc4 17. Bc1 Rc8 18. Nd5 e6 19. Ne3 Qb6 20. Ng4 b4 21. b3 e5 22.
Ne2 Qxf2 23. Nxf2 Na5 24. Rxd6 Bb5 25. Nd3 O-O 26. a4 bxa3 27. Bxa3 Rfe8 28.
Bb2 Nb7 29. Rb6 Bxd3 30. cxd3 Nc5 31. Rd1 Rb8 32. Rxb8 Rxb8 33. d4 Nxb3 34. d5
Nc5 35. Kc2 Nf4 36. Nxf4 exf4 37. Bxg7 Kxg7 38. h4 Kf8 39. Bh3 Ke8 40. d6 Rb6
41. Rd5 Rc6 42. Kb2 Kd8 43. e5 Nd7 44. Bxd7 Kxd7 45. Rd4 Rc5 46. Rxf4 Rxe5 47.
Rxf7+ Kxd6 48. Rxh7 Re2+ 49. Kc3 Re3+ 50. Kd4 Rxf3 51. Rh6 Rf4+ 52. Ke3 Ke5 53.
Rxg6 Rxh4 1/2-1/2

[Event "OPEN Strare Mesto"]
[Site "?"]
[Date "2003.08.11"]
[Round "5"]
[White "Hausner, I.."]
[Black "Shanel, J.."]
[Result "1-0"]
[WhiteElo "2441"]
[BlackElo "2162"]
[PlyCount "93"]
[EventDate "2003.08.11"]
[SourceDate "2003.08.08"]

1. c4 d6 2. Nc3 c6 3. g3 e5 4. Bg2 Nf6 5. d4 Be7 6. Nf3 Qc7 7. O-O O-O 8. b3
Re8 9. Qc2 a5 10. Rd1 Bg4 11. Nh4 Na6 12. Nf5 Nb4 13. Qb1 Bxf5 14. Qxf5 g6 15.
Qb1 Nd7 16. d5 Nb6 17. dxc6 bxc6 18. Be3 Rab8 19. Qb2 Na6 20. Qd2 f5 21. Rac1
Rbd8 22. Qb2 Nd7 23. a3 Nf6 24. b4 axb4 25. axb4 c5 26. b5 Nb4 27. Bd2 e4 28.
f3 Qb7 29. fxe4 Nxe4 30. Nxe4 fxe4 31. Bxb4 cxb4 32. Qxb4 Bg5 33. Rc3 Qb6+ 34.
Kh1 Re5 35. Ra3 Qf2 36. Ra2 Qb6 37. Qb1 Rde8 38. Ra6 Qc5 39. Rc6 Qe3 40. Qc2
Qa7 41. Rcxd6 Be3 42. R6d5 Rf5 43. Bxe4 Rf2 44. Rd7 Qb6 45. Qd3 Ref8 46. Bf3
Rf6 47. Qd5+ 1-0

[Event "OPEN Strare Mesto"]
[Site "?"]
[Date "2003.08.11"]
[Round "5"]
[White "Staufcik, R.."]
[Black "Jaworski, M.."]
[Result "0-1"]
[WhiteElo "2119"]
[BlackElo "2377"]
[PlyCount "60"]
[EventDate "2003.08.11"]
[SourceDate "2003.08.08"]

1. e4 c5 2. Nf3 d6 3. d4 cxd4 4. Nxd4 Nf6 5. Nc3 a6 6. f3 e6 7. Be3 b5 8. g4 b4
9. Nce2 h6 10. Qd2 e5 11. Nf5 d5 12. exd5 Qxd5 13. Qxd5 Nxd5 14. Bf2 Bb7 15.
O-O-O g6 16. Nfg3 Nf6 17. Ng1 h5 18. g5 Ng4 19. fxg4 h4 20. N1e2 hxg3 21. Nxg3
Bxh1 22. Nxh1 Rxh2 23. Bc4 Nc6 24. Bg3 Rh7 25. Bd5 Rc8 26. Bxc6+ Rxc6 27. Bxe5
Be7 28. Re1 Re6 29. Nf2 Bxg5+ 30. Kb1 Bh4 0-1

[Event "OPEN Strare Mesto"]
[Site "?"]
[Date "2003.08.11"]
[Round "5"]
[White "Buran, J.."]
[Black "Kotan, L.."]
[Result "0-1"]
[WhiteElo "2203"]
[BlackElo "2369"]
[PlyCount "100"]
[EventDate "2003.08.11"]
[SourceDate "2003.08.08"]

1. d4 d5 2. Nf3 Nf6 3. c4 e6 4. Nc3 Be7 5. Bg5 h6 6. Bh4 O-O 7. e3 b6 8. cxd5
Nxd5 9. Bxe7 Qxe7 10. Nxd5 exd5 11. Be2 Be6 12. O-O c5 13. dxc5 bxc5 14. Qa4
Qb7 15. b3 Nd7 16. Rac1 a5 17. Bb5 Rfc8 18. Rfd1 Nf6 19. Ne5 Rab8 20. Nc6 Qxb5
21. Ne7+ Kf8 22. Qxb5 Rxb5 23. Nxc8 Bxc8 24. a4 Rxb3 25. Rxc5 Bd7 26. Rxa5 Ra3
27. Ra8+ Ke7 28. a5 Bb5 29. h3 Bd3 30. Ra7+ Nd7 31. Rc1 Kd6 32. Rc8 Ra1+ 33.
Kh2 Ra2 34. Kg1 Ra1+ 35. Kh2 Rf1 36. Kg3 h5 37. Rd8 Bb5 38. Rb7 Bc6 39. Rb2 Ra1
40. Kh4 g6 41. f3 Rxa5 42. Rc2 Ra3 43. Re2 Rc3 44. Kg5 Ke7 45. Rc8 Rc5 46. Kh6
h4 47. Kg7 g5 48. Ra2 f5 49. Ra6 Kd6 50. Kg6 f4 0-1

[Event "OPEN Strare Mesto"]
[Site "?"]
[Date "2003.08.11"]
[Round "5"]
[White "Hudacek, J.."]
[Black "Michenka, J.."]
[Result "0-1"]
[WhiteElo "2072"]
[BlackElo "2357"]
[PlyCount "100"]
[EventDate "2003.08.11"]
[SourceDate "2003.08.08"]

1. e4 c5 2. Ne2 Nc6 3. Nbc3 g6 4. g3 Bg7 5. Bg2 e6 6. O-O Nge7 7. d3 O-O 8. f4
d6 9. g4 f5 10. h3 Rb8 11. Ng3 Nd4 12. Nce2 b6 13. c3 Nxe2+ 14. Qxe2 Bb7 15. g5
Qd7 16. h4 d5 17. e5 d4 18. c4 b5 19. b3 bxc4 20. bxc4 Qa4 21. h5 Rfc8 22. Rf2
Bxg2 23. Kxg2 Rc7 24. Qf3 Rcb7 25. Nf1 Nc6 26. Nd2 Nb4 27. Nb3 Nxd3 28. Qxd3
Rxb3 29. axb3 Qxa1 30. Bb2 Qe1 31. Bxd4 cxd4 32. Qxd4 Qe4+ 33. Qxe4 fxe4 34.
hxg6 hxg6 35. Rc2 Rxb3 36. c5 Rb7 37. c6 Rc7 38. Kf2 Bf8 39. Ke3 a5 40. Kxe4 a4
41. Kd3 a3 42. Kd2 Kf7 43. Kc1 Ke8 44. Kb1 Kd8 45. Ka2 Rf7 46. Rc4 Kc7 47. Ra4
Kxc6 48. Ra6+ Kd5 49. Ra5+ Bc5 50. Ra4 Rh7 0-1

[Event "OPEN Strare Mesto"]
[Site "?"]
[Date "2003.08.11"]
[Round "5"]
[White "Przybylka, D.."]
[Black "Bazant, P sr."]
[Result "0-1"]
[WhiteElo "2113"]
[BlackElo "2333"]
[PlyCount "86"]
[EventDate "2003.08.11"]
[SourceDate "2003.08.08"]

1. e4 c5 2. c3 d5 3. exd5 Qxd5 4. d4 e6 5. Nf3 Nf6 6. Bd3 cxd4 7. cxd4 Nc6 8.
Nc3 Qd6 9. O-O Be7 10. a3 O-O 11. Be3 b6 12. Ne4 Nxe4 13. Bxe4 Bb7 14. Rc1 Na5
15. Bb1 Bd5 16. b4 Nc6 17. Ng5 f5 18. Qh5 h6 19. Nh3 Bf6 20. Rfd1 Rac8 21. Qg6
Ne7 22. Qg3 Qxg3 23. hxg3 g5 24. f4 g4 25. Nf2 Bb3 26. Rd3 Rxc1+ 27. Bxc1 Rc8
28. Bb2 Bc2 29. Ba2 Kf7 30. Re3 Nd5 31. Re2 a6 32. Kf1 h5 33. Ke1 h4 34. Bxd5
exd5 35. Re3 hxg3 36. Rxg3 Be4 37. Nxe4 dxe4 38. Rc3 Rxc3 39. Bxc3 Bh4+ 40. Ke2
Ke6 41. Ba1 Kd5 42. Bc3 b5 43. Ba1 Bg3 0-1

[Event "OPEN Strare Mesto"]
[Site "?"]
[Date "2003.08.11"]
[Round "5"]
[White "Wiley, T.."]
[Black "Plsek, M.."]
[Result "1/2-1/2"]
[WhiteElo "2328"]
[BlackElo "2133"]
[PlyCount "104"]
[EventDate "2003.08.11"]
[SourceDate "2003.08.08"]

1. d4 d5 2. c4 c6 3. Nf3 Nf6 4. e3 Bg4 5. Nc3 Nbd7 6. cxd5 cxd5 7. Qb3 Bxf3 8.
gxf3 Qb6 9. Nxd5 Qxb3 10. Nxf6+ exf6 11. axb3 Bd6 12. f4 Rc8 13. Bd2 a6 14. Bg2
Rc7 15. Ba5 b6 16. Bc3 Nb8 17. Ke2 O-O 18. Rhc1 f5 19. Rg1 Re8 20. Kf3 Kf8 21.
h4 h5 22. Kg3 a5 23. Rge1 Rce7 24. Rad1 Na6 25. Bf3 g6 26. Bc6 Rc8 27. Bg2 Rce8
28. Re2 f6 29. Kf3 Kf7 30. Bf1 Nc7 31. Rc2 Ne6 32. Bc4 Kg7 33. Rcc1 Nf8 34. Rc2
Rc8 35. Rdc1 Kh8 36. Ba6 Rcc7 37. Bd2 Ne6 38. Rxc7 Rxc7 39. Rxc7 Nxc7 40. Bb7
Kg7 41. Ke2 Kf7 42. Kd3 Ke6 43. f3 Bb4 44. Bc1 Be1 45. e4 Bxh4 46. Ke2 Kd6 47.
Be3 Bg3 48. d5 b5 49. Kf1 b4 50. Bb6 Bxf4 51. Bxa5 Kc5 52. Bc6 Bd6 1/2-1/2

[Event "OPEN Strare Mesto"]
[Site "?"]
[Date "2003.08.11"]
[Round "5"]
[White "Tazbir, M.."]
[Black "Snyta, Z.."]
[Result "1-0"]
[WhiteElo "2269"]
[BlackElo "2101"]
[PlyCount "75"]
[EventDate "2003.08.11"]
[SourceDate "2003.08.08"]

1. e4 d5 2. exd5 Nf6 3. d4 Nxd5 4. c4 Nb6 5. Nc3 e5 6. Qe2 Be7 7. dxe5 Nc6 8.
Nf3 Bf5 9. a3 O-O 10. Be3 f6 11. Rd1 Qc8 12. c5 Nd7 13. Qc4+ Kh8 14. exf6 Bxf6
15. Be2 Nde5 16. Nxe5 Nxe5 17. Qa4 Ng4 18. Bd4 Bd7 19. Qc2 Bxd4 20. Rxd4 Nxf2
21. O-O Qe8 22. Qd2 Nh3+ 23. gxh3 Qg6+ 24. Bg4 h5 25. Rxf8+ Rxf8 26. Rxd7 hxg4
27. Qg2 Qe6 28. Rd1 gxh3 29. Qg3 Rf6 30. Rd8+ Kh7 31. Qh4+ Rh6 32. Qe4+ Rg6+
33. Kh1 Qf6 34. Qd3 Qe6 35. Ne4 Qf5 36. Rd5 Qg4 37. Ng5+ Kh6 38. Qxh3+ 1-0

[Event "Open Stare Mesto"]
[Site "?"]
[Date "2003.08.12"]
[Round "6"]
[White "Sosna, J.."]
[Black "Civin, T.."]
[Result "1-0"]
[WhiteElo "2428"]
[BlackElo "2383"]
[PlyCount "73"]
[EventDate "2003.08.08"]
[SourceDate "2003.08.08"]

1. d4 Nf6 2. Nf3 g6 3. Bg5 Bg7 4. Nbd2 O-O 5. c3 d6 6. e4 c5 7. dxc5 dxc5 8.
Be2 Nc6 9. O-O Qc7 10. Qc2 h6 11. Bh4 Nh5 12. Rfe1 Be6 13. Nc4 Bxc4 14. Bxc4
Ne5 15. Nxe5 Bxe5 16. Bg3 Nxg3 17. hxg3 e6 18. f4 Bg7 19. Re3 b6 20. Qe2 h5 21.
Rf1 Bh6 22. e5 Rfd8 23. g4 hxg4 24. Qxg4 Rd2 25. Rg3 b5 26. Bxe6 fxe6 27. Qxg6+
Bg7 28. f5 exf5 29. Rh3 Rf8 30. Qh7+ Kf7 31. Rxf5+ Ke6 32. Rxf8 Rd1+ 33. Rf1
Rxf1+ 34. Kxf1 Qxe5 35. Qg6+ Ke7 36. Rf3 Bf6 37. Qxf6+ 1-0

[Event "Open Stare Mesto"]
[Site "?"]
[Date "2003.08.12"]
[Round "6"]
[White "Grabarczyk, M.."]
[Black "Johansson, J.."]
[Result "1/2-1/2"]
[WhiteElo "2508"]
[BlackElo "2397"]
[PlyCount "21"]
[EventDate "2003.08.08"]
[SourceDate "2003.08.08"]

1. d4 Nf6 2. c4 e6 3. Nf3 Bb4+ 4. Bd2 c5 5. Bxb4 cxb4 6. Nbd2 O-O 7. e3 d6 8.
Bd3 Nc6 9. O-O e5 10. h3 Re8 11. Qb1 1/2-1/2

[Event "Open Stare Mesto"]
[Site "?"]
[Date "2003.08.12"]
[Round "6"]
[White "Kantorik, M.."]
[Black "Dobrev, N.."]
[Result "0-1"]
[WhiteElo "2272"]
[BlackElo "2382"]
[PlyCount "100"]
[EventDate "2003.08.08"]
[SourceDate "2003.08.08"]

1. e4 e5 2. Nf3 Nc6 3. c3 Nf6 4. d4 Nxe4 5. d5 Nb8 6. Nxe5 Qe7 7. Qd4 d6 8.
Qxe4 Qxe5 9. Bd3 g6 10. Bf4 Qxe4+ 11. Bxe4 Bg7 12. Nd2 O-O 13. O-O-O Nd7 14.
Rhe1 Nf6 15. Bf3 Ng4 16. Re2 f5 17. Bxg4 fxg4 18. Bg3 Bd7 19. Rde1 Rae8 20.
Rxe8 Rxe8 21. Rxe8+ Bxe8 22. Kc2 g5 23. Kd3 Bg6+ 24. Ke3 Kf7 25. f3 gxf3 26.
Nxf3 Bf6 27. Nd4 Ke7 28. Nb5 Kd7 29. Nd4 c6 30. c4 a6 31. b3 c5 32. Ne2 Bb1 33.
Nc1 Bd4+ 34. Kd2 Be4 35. Ne2 Bf6 36. a3 Bxg2 37. b4 b6 38. Nc3 h5 39. Na4 Bd8
40. Nc3 Bf1 41. bxc5 bxc5 42. Ne2 Bf6 43. Ke1 Bg2 44. Kf2 Be4 45. Ke3 Bc2 46.
Kd2 Bf5 47. Bf2 h4 48. Be3 g4 49. Bf4 g3 50. Ke3 Bg4 0-1

[Event "Open Stare Mesto"]
[Site "?"]
[Date "2003.08.12"]
[Round "6"]
[White "Rubal, A.."]
[Black "Vrana, F.."]
[Result "1/2-1/2"]
[WhiteElo "2229"]
[BlackElo "2300"]
[PlyCount "75"]
[EventDate "2003.08.08"]
[SourceDate "2003.08.08"]

1. d4 Nf6 2. c4 e5 3. dxe5 Ng4 4. Bf4 Nc6 5. Nf3 Bb4+ 6. Nbd2 Qe7 7. e3 Ngxe5
8. Nxe5 Nxe5 9. Be2 d6 10. O-O O-O 11. Nb3 Ng6 12. Bg3 f5 13. a3 Bc5 14. Nxc5
dxc5 15. Bf3 f4 16. exf4 c6 17. f5 Rxf5 18. Re1 Qg5 19. Re8+ Rf8 20. Rxf8+ Nxf8
21. Qe2 Bd7 22. h4 Qf5 23. Qe4 Qf7 24. Rd1 Bf5 25. Qf4 Ne6 26. Qe5 Nd4 27. Qxc5
Nxf3+ 28. gxf3 Be6 29. Qd6 Bxc4 30. Qd8+ Rxd8 31. Rxd8+ Qf8 32. Rxf8+ Kxf8 33.
Bb8 a6 34. Kg2 Kf7 35. Kg3 Ke6 36. Kf4 Bd3 37. Ke3 Bb1 38. Kd4 1/2-1/2

[Event "Open Stare Mesto"]
[Site "?"]
[Date "2003.08.12"]
[Round "6"]
[White "Bazant, P. sr."]
[Black "Vesselovsky, S.."]
[Result "1/2-1/2"]
[WhiteElo "2333"]
[BlackElo "2444"]
[PlyCount "41"]
[EventDate "2003.08.08"]
[SourceDate "2003.08.08"]

1. d4 g6 2. c4 Bg7 3. e4 c5 4. d5 d6 5. Bd3 Nf6 6. Ne2 O-O 7. O-O Nbd7 8. f4 b5
9. Na3 bxc4 10. Nxc4 Ba6 11. Qc2 Nb6 12. Bd2 Nxe4 13. Ba5 Nf6 14. f5 Nfxd5 15.
fxg6 hxg6 16. Rf3 Nb4 17. Bxb4 cxb4 18. Raf1 Nxc4 19. Bxc4 Rc8 20. Qxg6 Bxc4
21. Qxg7+ 1/2-1/2

[Event "Open Stare Mesto"]
[Site "?"]
[Date "2003.08.12"]
[Round "6"]
[White "Jasny, S.."]
[Black "Hausner, I.."]
[Result "1/2-1/2"]
[WhiteElo "2319"]
[BlackElo "2441"]
[PlyCount "79"]
[EventDate "2003.08.08"]
[SourceDate "2003.08.08"]

1. e4 c5 2. Nf3 d6 3. d4 cxd4 4. Nxd4 Nf6 5. Nc3 Nc6 6. Be3 Ng4 7. Bb5 Nxe3 8.
fxe3 Bd7 9. O-O e6 10. Bxc6 bxc6 11. e5 d5 12. Qf3 Qe7 13. b4 g6 14. b5 c5 15.
e4 Bg7 16. exd5 O-O 17. Nc6 Bxc6 18. dxc6 Bxe5 19. Rad1 Rad8 20. g3 c4 21. Rxd8
Qxd8 22. Na4 Qd4+ 23. Kg2 c3 24. Re1 Qxa4 25. Rxe5 Qxc2+ 26. Qe2 Qd2 27. Kf2
Qd4+ 28. Qe3 Qc4 29. Qc5 Qxa2+ 30. Re2 Qa5 31. Rc2 a6 32. Rxc3 Qxb5 33. Ke3 Qb2
34. Rc2 Qb1 35. Rc1 Qb3+ 36. Rc3 Qd1 37. Qxf8+ Kxf8 38. c7 Qe1+ 39. Kd3 Qd1+
40. Ke3 1/2-1/2